Introduction to crystallography / (Record no. 81369)
[ view plain ]
| 000 -LEADER | |
|---|---|
| fixed length control field | 01304nam a2200361 a 4500 |
| 001 - CONTROL NUMBER | |
| control field | 81369 |
| 003 - CONTROL NUMBER IDENTIFIER | |
| rucl marc code | BD-RjUL |
| 005 - DATE AND TIME OF LATEST TRANSACTION | |
| control field | 20230510155030.0 |
| 008 - FIXED-LENGTH DATA ELEMENTS--GENERAL INFORMATION | |
| fixed length control field | 230510s2020 sz ob 001 0 eng d |
| 020 ## - INTERNATIONAL STANDARD BOOK NUMBER | |
| International Standard Book Number | 9783030351106 |
| Qualifying information | (electronic bk.) |
| International Standard Book Number | 3030351106 |
| Qualifying information | (electronic bk.) |
| Canceled/invalid ISBN | 9783030351090 |
| 035 ## - SYSTEM CONTROL NUMBER | |
| System control number | (BD-RjUL)81369 |
| 040 ## - CATALOGING SOURCE | |
| Original cataloging agency | N$T |
| Language of cataloging | eng |
| Description conventions | rda |
| -- | pn |
| Transcribing agency | N$T |
| Modifying agency | N$T |
| -- | Uk |
| -- | BD-RjUL |
| 041 ## - LANGUAGE CODE | |
| Language code of text/sound track or separate title | eng |
| 082 04 - DEWEY DECIMAL CLASSIFICATION NUMBER | |
| Edition number | 23 |
| Classification number | 548 |
| Author mark and year | HOI 2020 |
| 100 1# - MAIN ENTRY--PERSONAL NAME | |
| Personal name | Hoffmann, Frank, |
| Relator term | author. |
| 9 (RLIN) | 7391 |
| 245 10 - TITLE STATEMENT | |
| Title | Introduction to crystallography / |
| Statement of responsibility, etc. | Frank Hoffmann. |
| 264 #1 - PRODUCTION, PUBLICATION, DISTRIBUTION, MANUFACTURE, AND COPYRIGHT NOTICE | |
| Place of production, publication, distribution, manufacture | Cham, Switzerland : |
| Name of producer, publisher, distributor, manufacturer | Springer, |
| Date of production, publication, distribution, manufacture, or copyright notice | 2020. |
| 300 ## - PHYSICAL DESCRIPTION | |
| Pagination | 309 pages : |
| Illustrations | illustrations; |
| Size | 25 cm. |
| 336 ## - CONTENT TYPE | |
| Content type term | text |
| Source | rdacontent |
| 337 ## - MEDIA TYPE | |
| Media type term | computer |
| Source | rdamedia |
| 338 ## - CARRIER TYPE | |
| Carrier type term | online resource |
| Source | rdacarrier |
| 500 ## - GENERAL NOTE | |
| General note | Academic |
| 504 ## - BIBLIOGRAPHY, ETC. NOTE | |
| Bibliography, etc | Includes bibliographical references and index. |
| 540 ## - TERMS GOVERNING USE AND REPRODUCTION NOTE | |
| Terms governing use and reproduction | Restricted: Printing from this resource is governed by The Legal Deposit Libraries (Non-Print Works) Regulations (UK) and UK copyright law currently in force. |
| Institution to which field applies | UkOxU |
| 588 0# - SOURCE OF DESCRIPTION NOTE | |
| Source of description note | Online resource; title from PDF title page (EBSCO, viewed August 28, 2020). |
| 650 #0 - SUBJECT ADDED ENTRY--TOPICAL TERM | |
| Topical term or geographic name as entry element | Crystallography. |
| 9 (RLIN) | 7392 |
| 942 ## - ADDED ENTRY ELEMENTS (KOHA) | |
| Source of classification or shelving scheme | Dewey Decimal Classification |
| Koha item type | Books |
| Lost status | Source of classification or shelving scheme | Damaged status | Not for loan | Collection code | Permanent Location | Current Location | Shelving location | Date acquired | Source of acquisition | Cost, normal purchase price | Total Checkouts | Full call number | Date last seen | Copy number | Koha item type | Date checked out |
|---|---|---|---|---|---|---|---|---|---|---|---|---|---|---|---|---|
| Dewey Decimal Classification | Not For Loan | Non-fiction | Central Library, University of Rajshahi | Central Library, University of Rajshahi | Reading Room | 09/05/2023 | Dhaka : Book Finder | 4882.63 | 548 HOI 2020 | 10/05/2023 | C-1 | Books | ||||
| Dewey Decimal Classification | Non-fiction | Central Library, University of Rajshahi | Central Library, University of Rajshahi | General Stacks | 09/05/2023 | Dhaka : Book Finder | 4882.63 | 3 | 548 HOI 2020 | 26/05/2025 | C-2 | Books | 21/04/2025 | |||
| Dewey Decimal Classification | Non-fiction | Central Library, University of Rajshahi | Central Library, University of Rajshahi | General Stacks | 21/04/2026 | Ahsania Mission Book Dis. | 6119.00 | 548 HOI 2020 | 30/04/2026 | C-3 | Books | |||||
| Dewey Decimal Classification | Non-fiction | Central Library, University of Rajshahi | Central Library, University of Rajshahi | General Stacks | 21/04/2026 | Ahsania Mission Book Dis. | 6119.00 | 548 HOI 2020 | 30/04/2026 | C-4 | Books |